Lluís Domènech i Montaner: arquitecto modernista
Gardado en:
| Autor Corporativo: | |
|---|---|
| Formato: | Libro |
| Idioma: | Lingua castelá |
| Publicado: |
Barcelona
Fundación Caja Barcelona
1989
|
| Subjects: | |
| Tags: |
Engadir etiqueta
Sen Etiquetas, Sexa o primeiro en etiquetar este rexistro!
|
MARC
| LEADER | 00000nam a2200000 a 4500 | ||
|---|---|---|---|
| 001 | UCQ8444 | ||
| 003 | CL-VaPUC | ||
| 008 | 981209e19890000SP |||||||||||||||||spa|d | ||
| 082 | 0 | 4 | |a 720.92 |b FUN |2 21 |
| 110 | 2 | |a Fundación Caja de Barcelona |e author |9 422425 | |
| 245 | 1 | 0 | |a Lluís Domènech i Montaner: arquitecto modernista |
| 300 | |a 327 p | ||
| 942 | |c BK | ||
| 945 | |d 19981209 00:00:00 |a rbrito | ||
| 260 | |a Barcelona |b Fundación Caja Barcelona |c 1989 | ||
| 600 | 0 | 7 | |a DOMENECH I MONTANER, LLUIS |2 CL-VaPUC |9 422426 |
| 650 | 0 | |a Arquitectura moderna |9 265021 | |
| 650 | 0 | |a Arquitectos |9 268647 | |
| 650 | 0 | |a Arte moderno |9 265333 | |
| 650 | 0 | |a Diseños arquitectónicos |9 370631 | |
| 650 | 7 | |a CONSTRUCCIONES |2 CL-VaPUC |9 262690 | |
| 650 | 0 | |a Exposiciones |9 265884 | |
| 583 | |a last modification |c 19981209 00:00:00 |k Rodrigo Vera | ||
| 999 | |c 277700 |d 277698 | ||
| 952 | |0 0 |1 0 |4 0 |6 720_920000000000000_FUN_1989 |7 0 |8 A |9 315856 |a BIBARQ |b BIBARQ |d 2019-11-20 |i 3484270 |o 720.92 FUN 1989 |p 3484270 |r 2025-01-20 |w 2019-11-20 |y BK |k ARQ | ||